Name EVERY Character In "The Outsiders" - Statistics

General Stats
  • This quiz has been taken 135 times
  • The average score is 13 of 28
Answer Stats
Actor Character % Correct
C. Thomas Howell Ponyboy
100%
Rob Lowe Sodapop
96%
Diane Lane Cherry
94%
Ralph Macchio Johnny
93%
Matt Dillon Dallas
92%
Emilio Estevez Twobit
90%
Tom Cruise Steve
88%
Leif Garrett Bob
85%
Patrick Swayze Darrel
85%
Darren Dalton Randy
78%
Michelle Meyrink Marcia
68%
Glenn Withrow Tim
53%
S.E. Hinton Nurse
49%
Linda Nystedt Nurse
49%
John Meier Paul
32%
Gailard Sartain Jerry
26%
Cam Neely Soc #2
25%
Flea Soc #3
25%
Tom Waits Buck
21%
William Smith Store Clerk
17%
Sofia Coppola Little Girl
15%
Lynne Hatheway Anthony Sandy
14%
Daniel R. Suhart Orderly
10%
R. Blakeslee Colby College Professor
8%
Jonnie Parnell Hospital Lab Tech
4%
Trey Callaway Soc in concessionstand
3%
Tom Hillmann Greaser in concession stand
1%
James Price Drive In Patron
0%
No matching quizzes found
Score Distribution
Percent of People with Each Score
Percentile by Number Answered
Your Score History
You have not taken this quiz